000 00320 a2200121 4500
000 nam a22 7a 4500
005 20260213121540.0
020 _a978-1-0353-2952-6
100 _aLoughlin, Martin
_91115619
245 _aAdvanced introduction to political jurisprudence
260 _bEdward Elgar
_c2025
942 _cTB
999 _c1679556
_d1679556